[Event "Reykjavik op"]
[Site "Reykjavik"]
[Date "2024.03.16"]
[Round "2"]
[White "Can, Emre"]
[Black "Cieslak, Patryk"]
[Result "1/2-1/2"]
[WhiteElo "2551"]
[BlackElo "2325"]
[PlyCount "126"]
[EventDate "2024.03.15"]
[EventType "swiss"]
[EventRounds "9"]
[EventCountry "ISL"]
[SourceTitle "CB13_2024"]
[SourceDate "2024.03.27"]
[SourceVersion "1"]
[SourceVersionDate "2024.03.27"]
[SourceQuality "1"]

1. d4 d5 2. c4 e6 3. Nf3 Nf6 4. g3 dxc4 5. Bg2 c6 6. 0-0 b5 7. Ne5 Bb7 8. Nc3 a6 9. b3 cxb3 10. Qxb3 Be7 11. Rd1 0-0 12. Ba3 Qc7 13. Ne4 c5 14. Nxc5 Bxg2 15. Kxg2 Bxc5 16. Bxc5 Rc8 17. Qf3 Nc6 18. Nd3 e5 19. dxe5 Nxe5 20. Nxe5 Qxc5 21. Nd7 Qc6 22. Nxf6+ Qxf6 23. Qxf6 gxf6 24. Rd6 Rc2 25. e3 Kg7 26. a4 b4 27. a5 Re8 28. Rb1 Rxe3 29. Rxb4 Re5 30. Rg4+ Rg5 31. Rxg5+ fxg5 32. g4 Ra2 33. Rxa6 Ra3 34. Ra8 h6 35. Ra6 Kh7 36. Kf1 Ra2 37. Kg2 Ra3 38. Kf1 Ra2 39. h3 Ra3 40. Ke2 Kg7 41. f3 Kh7 42. Ra8 Kg7 43. Ra6 Kh7 44. Ra7 Kg6 45. a6 Kf6 46. Ra8 Kg7 47. Kd2 Rxf3 48. Kc2 Rxh3 49. Kb2 Rh2+ 50. Kb3 Rh1 51. Kb4 Ra1 52. Kb5 h5 53. gxh5 f5 54. Rd8 f4 55. Rd6 f3 56. Rg6+ Kh7 57. Rxg5 f2 58. Rf5 f1Q+ 59. Rxf1 Rxf1 60. a7 Ra1 61. Kb6 Kh6 62. Kb7 Rxa7+ 63. Kxa7 Kxh5 1/2-1/2

[Event "Titled Tuesday intern op 12th Mar Late"]
[Site "Chess.com INT"]
[Date "2024.03.12"]
[Round "5"]
[White "Karamsetty, Jeevan"]
[Black "Cieslak, Patryk"]
[Result "0-1"]
[WhiteElo "2187"]
[BlackElo "2325"]
[PlyCount "69"]
[EventDate "2024.03.12"]
[EventType "swiss (blitz)"]
[EventRounds "11"]
[EventCountry "USA"]
[SourceTitle "CB12_2024"]
[SourceDate "2023.10.01"]
[SourceVersion "1"]
[SourceVersionDate "2023.10.01"]
[SourceQuality "1"]

1. e4 e5 2. Nc3 Nc6 3. g3 Nf6 4. Bg2 Bc5 5. Nge2 0-0 6. 0-0 d6 7. h3 Be6 8. Na4 Bb6 9. Kh2 d5 10. Nxb6 axb6 11. d3 dxe4 12. dxe4 Qxd1 13. Rxd1 Rxa2 14. Rxa2 Bxa2 15. b3 Bb1 16. Rd2 Rd8 17. Rxd8+ Nxd8 18. Bb2 Nc6 19. Nc3 Bxc2 20. Nb5 Bxe4 21. Nxc7 Bxg2 22. Kxg2 Kf8 23. g4 h6 24. Ba3+ Kg8 25. Kf3 Nd4+ 26. Ke3 Nc2+ 27. Kd3 Nxa3 28. Kc3 b5 29. Kb4 Nc2+ 30. Kxb5 Nd4+ 31. Ka4 Kf8 32. b4 Ke7 33. Ka5 Kd7 34. Nb5 Nxb5 35. Kxb5 0-1

[Event "Titled Tuesday intern op 12th Mar Late"]
[Site "Chess.com INT"]
[Date "2024.03.12"]
[Round "1"]
[White "Smieszek, Wojciech"]
[Black "Cieslak, Patryk"]
[Result "0-1"]
[WhiteElo "2130"]
[BlackElo "2325"]
[PlyCount "140"]
[EventDate "2024.03.12"]
[EventType "swiss (blitz)"]
[EventRounds "11"]
[EventCountry "USA"]
[SourceTitle "CB12_2024"]
[SourceDate "2023.10.01"]
[SourceVersion "1"]
[SourceVersionDate "2023.10.01"]
[SourceQuality "1"]

1. e4 e6 2. d4 d5 3. Bd3 c5 4. exd5 exd5 5. Nf3 c4 6. Be2 Nf6 7. 0-0 Be7 8. Re1 0-0 9. Ne5 Nc6 10. Bf3 Be6 11. c3 Re8 12. Bf4 Bd6 13. Bg3 Qc7 14. Na3 a6 15. Nc2 Ne7 16. Ne3 Nf5 17. Nxf5 Bxf5 18. Qd2 Ne4 19. Qf4 Bg6 20. Qh4 Nxg3 21. hxg3 Bxe5 22. dxe5 Rxe5 23. Rxe5 Qxe5 24. Rd1 Bd3 25. Qg4 Rd8 26. Qh4 Qf6 27. Qxf6 gxf6 28. Re1 Kf8 29. Re3 b5 30. Be2 Bb1 31. a3 d4 32. cxd4 Rxd4 33. Bf3 Rd2 34. b3 Bd3 35. bxc4 bxc4 36. Be4 Bxe4 37. Rxe4 c3 38. Rc4 c2 39. Kh2 Rxf2 40. g4 Rd2 41. Kg3 Kg7 42. Kf3 Kg6 43. g3 a5 44. Rc5 a4 45. Ke3 Rg2 46. Kf3 Rh2 47. Ke3 h6 48. Kf3 f5 49. gxf5+ Kg5 50. Ke3 Kg4 51. Rc3 Rg2 52. Ke4 h5 53. Ke5 Kg5 54. f6 Re2+ 55. Kd4 Kxf6 56. Kd3 Rg2 57. Kc4 Kg5 58. Kb4 Kg4 59. Kxa4 f5 60. Kb5 Rxg3 61. Rxc2 Rxa3 62. Kb4 Rg3 63. Kc4 f4 64. Kd4 h4 65. Ke4 Re3+ 66. Kd4 h3 67. Rc8 h2 68. Rg8+ Kh3 69. Rh8+ Kg2 70. Rg8+ Rg3 0-1

[Event "Titled Tuesday intern op 06th Feb Early"]
[Site "Chess.com INT"]
[Date "2024.02.06"]
[Round "3"]
[White "Cieslak, Patryk"]
[Black "Kopczynski, Michal"]
[Result "1-0"]
[WhiteElo "2300"]
[BlackElo "2225"]
[PlyCount "63"]
[EventDate "2024.02.06"]
[EventType "swiss (blitz)"]
[EventRounds "11"]
[EventCountry "USA"]
[SourceTitle "CB07_2024"]
[SourceDate "2024.02.14"]
[SourceVersion "1"]
[SourceVersionDate "2024.02.14"]
[SourceQuality "1"]

1. e4 b6 2. d4 Bb7 3. Bd3 e6 4. Qe2 Nf6 5. Nf3 d5 6. e5 Nfd7 7. c3 c5 8. h4 Nc6 9. Bg5 Qc7 10. a3 h6 11. Bf4 0-0-0 12. a4 f6 13. Na3 c4 14. Bg6 a6 15. Nc2 fxe5 16. Nxe5 Ndxe5 17. dxe5 d4 18. Qxc4 d3 19. Bxd3 Kb8 20. Be4 Be7 21. h5 Rhf8 22. Bg3 Bg5 23. 0-0 Bf4 24. Bxc6 Bxg3 25. fxg3 Bxc6 26. Nd4 Bd5 27. Qxc7+ Kxc7 28. Rxf8 Rxf8 29. c4 Bxc4 30. Rc1 b5 31. axb5 axb5 32. Nxe6+ 1-0

[Event "Titled Tuesday intern op 06th Feb Early"]
[Site "Chess.com INT"]
[Date "2024.02.06"]
[Round "11"]
[White "Ibarra Jerez, Jose Carlos"]
[Black "Cieslak, Patryk"]
[Result "1-0"]
[WhiteElo "2559"]
[BlackElo "2300"]
[PlyCount "89"]
[EventDate "2024.02.06"]
[EventType "swiss (blitz)"]
[EventRounds "11"]
[EventCountry "USA"]
[SourceTitle "CB07_2024"]
[SourceDate "2024.02.14"]
[SourceVersion "1"]
[SourceVersionDate "2024.02.14"]
[SourceQuality "1"]

1. e4 e6 2. d4 d5 3. Nc3 Nf6 4. Bg5 h6 5. Bxf6 Qxf6 6. a3 c6 7. Nf3 Nd7 8. Bd3 Qd8 9. 0-0 dxe4 10. Nxe4 Be7 11. c4 Nf6 12. Nc3 0-0 13. Re1 c5 14. dxc5 Bxc5 15. b4 Be7 16. Qe2 Bd7 17. Ne5 Qc7 18. Rad1 Rad8 19. c5 a6 20. Rc1 Bc6 21. Bb1 Rd4 22. h3 Rfd8 23. Qe3 Nh5 24. Nxf7 Kxf7 25. Qxe6+ Kf8 26. Bg6 Be8 27. Bxe8 Rxe8 28. Nd5 Qd8 29. Qf5+ Nf6 30. Nf4 Rxf4 31. Qxf4 Kf7 32. Qc4+ Qd5 33. c6 bxc6 34. Qxc6 Qxc6 35. Rxc6 Ra8 36. Rc7 Ng8 37. Re5 Ke8 38. Ra5 Nf6 39. Rc6 Rd8 40. g3 Rd1+ 41. Kg2 Rd2 42. Re6 Kd7 43. Re3 Rd6 44. b5 axb5 45. Ra7+ 1-0

[Event "Budapest SixDays 01 IM-A"]
[Site "Budapest"]
[Date "2024.02.01"]
[Round "9"]
[White "Szalay Ocsak, Bank"]
[Black "Cieslak, Patryk"]
[Result "1/2-1/2"]
[WhiteElo "2165"]
[BlackElo "2284"]
[PlyCount "50"]
[EventDate "2024.01.27"]
[EventType "tourn"]
[EventRounds "9"]
[EventCountry "HUN"]
[SourceTitle "CB06_2024"]
[SourceDate "2024.02.07"]
[SourceVersion "1"]
[SourceVersionDate "2024.02.07"]
[SourceQuality "1"]

1. Nf3 d5 2. b3 Nf6 3. Bb2 e6 4. e3 Bd6 5. c4 0-0 6. Be2 b6 7. 0-0 Bb7 8. d3 Nbd7 9. Nbd2 c6 10. a3 e5 11. e4 dxe4 12. dxe4 Qe7 13. Qc2 a5 14. h3 Rfd8 15. Rfd1 Ne8 16. Nf1 g6 17. Ne3 f6 18. g3 Bc5 19. h4 Nf8 20. Rxd8 Rxd8 21. h5 Bc8 22. Kg2 Ng7 23. hxg6 hxg6 24. Nh4 g5 25. Nf3 Nfe6 1/2-1/2

[Event "Budapest SixDays 01 IM-A"]
[Site "Budapest"]
[Date "2024.01.30"]
[Round "6"]
[White "Cieslak, Patryk"]
[Black "Vetokhina, Sofia"]
[Result "1-0"]
[WhiteElo "2284"]
[BlackElo "2020"]
[PlyCount "71"]
[EventDate "2024.01.27"]
[EventType "tourn"]
[EventRounds "9"]
[EventCountry "HUN"]
[SourceTitle "CB06_2024"]
[SourceDate "2024.02.07"]
[SourceVersion "1"]
[SourceVersionDate "2024.02.07"]
[SourceQuality "1"]

1. d4 Nf6 2. c4 g6 3. Nc3 Bg7 4. e4 d6 5. Be2 0-0 6. Be3 c5 7. d5 b5 8. cxb5 Qa5 9. Bd2 a6 10. b6 Qxb6 11. Nf3 Nbd7 12. 0-0 a5 13. a4 Ba6 14. Bxa6 Qxa6 15. Qc2 Ne8 16. Nb5 Qb6 17. Ra2 Nc7 18. Na3 Ra6 19. Nc4 Qa7 20. Bg5 f6 21. Bd2 Rb8 22. Bc3 Nb6 23. Nfd2 Nxc4 24. Nxc4 Na8 25. Qe2 Nb6 26. Ne3 Qb7 27. f4 Raa8 28. f5 Qa6 29. Qf3 Nc4 30. h4 Bh6 31. Ng4 Bd2 32. fxg6 Bxc3 33. Nh6+ Kh8 34. g7+ Kxg7 35. Qg4+ Kxh6 36. Rf5 1-0

[Event "Titled Tuesday intern op 16th Jan Early"]
[Site "Chess.com INT"]
[Date "2024.01.16"]
[Round "7"]
[White "Cieslak, Patryk"]
[Black "Bodnaruk, Anastasia"]
[Result "1/2-1/2"]
[WhiteElo "2284"]
[BlackElo "2340"]
[PlyCount "111"]
[EventDate "2024.01.16"]
[EventType "swiss (blitz)"]
[EventRounds "11"]
[EventCountry "USA"]
[SourceTitle "CB04_2024"]
[SourceDate "2023.10.16"]
[SourceVersion "1"]
[SourceVersionDate "2023.10.16"]
[SourceQuality "1"]

1. e4 c5 2. Nf3 d6 3. d4 cxd4 4. Nxd4 Nf6 5. Nc3 a6 6. Bc4 e6 7. Be3 b5 8. Bb3 Be7 9. Qf3 Qc7 10. g4 b4 11. Nce2 Bb7 12. g5 Nxe4 13. Qg4 Nc5 14. Rg1 Nbd7 15. f4 a5 16. Bc4 d5 17. Bb5 Ba6 18. h4 Bxb5 19. Nxb5 Qb7 20. Nbd4 a4 21. h5 b3 22. g6 hxg6 23. hxg6 f5 24. Qg2 bxc2 25. Kf2 Qxb2 26. Kf3 Nf6 27. Rh1 Kd7 28. Ng3 Nfe4 29. Rac1 Rxh1 30. Qxh1 Nxg3 31. Kxg3 Qc3 32. Kf3 Nd3 33. Ne2 Qa3 34. Rg1 Bf6 35. Kg2 Rc8 36. Qh7 Qb2 37. Kf3 c1Q 38. Nxc1 Nxc1 39. Rxc1 Rxc1 40. Bxc1 Qxc1 41. Qg8 Qc3+ 42. Kg2 Qd2+ 43. Kf3 Qd3+ 44. Kf2 Qd4+ 45. Kf3 Qe4+ 46. Kg3 Qe3+ 47. Kg2 Qxf4 48. Qf7+ Kd6 49. Qf8+ Ke5 50. Qb8+ Ke4 51. Qb4+ Bd4 52. Qb1+ Ke5 53. Qb8+ Ke4 54. Qb1+ Ke3 55. Qc1+ Ke4 56. Qb1+ 1/2-1/2

[Event "Titled Tuesday intern op 09th Jan Early"]
[Site "Chess.com INT"]
[Date "2024.01.09"]
[Round "4"]
[White "Musalov, Ruslan"]
[Black "Cieslak, Patryk"]
[Result "0-1"]
[WhiteElo "2342"]
[BlackElo "2284"]
[PlyCount "94"]
[EventDate "2024.01.09"]
[EventType "swiss (blitz)"]
[EventRounds "11"]
[EventCountry "USA"]
[SourceTitle "CB03_2024"]
[SourceDate "2024.01.17"]
[SourceVersion "1"]
[SourceVersionDate "2024.01.17"]
[SourceQuality "1"]

1. e4 e5 2. Nf3 Nf6 3. Nxe5 Nxe4 4. Qe2 Qe7 5. Qxe4 d6 6. d4 dxe5 7. dxe5 Nc6 8. Nc3 Qxe5 9. Bb5 Qxe4+ 10. Nxe4 Bd7 11. 0-0 0-0-0 12. Be3 Be7 13. Rad1 a6 14. Be2 Rhe8 15. Ng3 Bd6 16. c3 f5 17. Bf3 f4 18. Rxd6 fxe3 19. Rdd1 exf2+ 20. Rxf2 Ne5 21. Be4 g6 22. Rfd2 Nc4 23. Bxb7+ Kxb7 24. Rxd7 Rxd7 25. Rxd7 Nxb2 26. Rxh7 Re1+ 27. Kf2 Nd3+ 28. Kf3 Rc1 29. Ne4 Ra1 30. g4 Rxa2 31. h4 Rh2 32. h5 gxh5 33. gxh5 a5 34. Kg3 Rh1 35. h6 a4 36. Rd7 Ne5 37. Rd5 Nc6 38. Nc5+ Ka7 39. Nxa4 Rxh6 40. Nc5 Kb6 41. Nd3 Rh1 42. Kf4 Rc1 43. Ke4 Rxc3 44. Rf5 Rc4+ 45. Ke3 Nd4 46. Nf4 Nxf5+ 47. Kd3 Rxf4 0-1

[Event "Krakow op-A 34th"]
[Site "Krakow"]
[Date "2023.12.30"]
[Round "4"]
[White "Cieslak, Patryk"]
[Black "Polak, Tomas"]
[Result "1/2-1/2"]
[WhiteElo "2284"]
[BlackElo "2517"]
[PlyCount "41"]
[EventDate "2023.12.27"]
[EventType "swiss"]
[EventRounds "9"]
[EventCountry "POL"]
[SourceTitle "CB02_2024"]
[SourceDate "2024.01.10"]
[SourceVersion "1"]
[SourceVersionDate "2024.01.10"]
[SourceQuality "1"]

1. e4 e5 2. Nf3 Nc6 3. Bc4 Nf6 4. d3 Bc5 5. Nc3 d6 6. Bg5 h6 7. Bxf6 Qxf6 8. Nd5 Qd8 9. c3 a6 10. d4 Ba7 11. dxe5 Nxe5 12. Nxe5 dxe5 13. Qh5 0-0 14. Qxe5 Re8 15. Qf4 Be6 16. 0-0-0 Qg5 17. Qxg5 hxg5 18. Bb3 Rac8 19. f3 g4 20. f4 Bxd5 21. Rxd5 1/2-1/2

[Event "Krakow op-A 34th"]
[Site "Krakow"]
[Date "2023.12.29"]
[Round "3"]
[White "Pacan Milej, Kosma"]
[Black "Cieslak, Patryk"]
[Result "0-1"]
[WhiteElo "2425"]
[BlackElo "2284"]
[PlyCount "88"]
[EventDate "2023.12.27"]
[EventType "swiss"]
[EventRounds "9"]
[EventCountry "POL"]
[SourceTitle "CB02_2024"]
[SourceDate "2024.01.10"]
[SourceVersion "1"]
[SourceVersionDate "2024.01.10"]
[SourceQuality "1"]

1. d4 Nf6 2. c4 e6 3. Nc3 Bb4 4. e3 0-0 5. Bd3 d5 6. Nf3 b6 7. 0-0 Ba6 8. cxd5 exd5 9. Bxa6 Nxa6 10. Bd2 Re8 11. Rc1 Bf8 12. Ne5 c5 13. f4 Nc7 14. Be1 Ne4 15. Qh5 g6 16. Qh3 f6 17. Bh4 Be7 18. Nxe4 fxe5 19. Ng5 exd4 20. exd4 c4 21. Rce1 Qc8 22. f5 Bxg5 23. Bxg5 Rxe1 24. Rxe1 Qxf5 25. Qxf5 gxf5 26. Re7 Nb5 27. Bf6 h6 28. Be5 a5 29. Rg7+ Kf8 30. Rh7 Ra6 31. a4 c3 32. bxc3 Nxc3 33. Rxh6 Nxa4 34. h4 Nb2 35. h5 Nc4 36. Rf6+ Kg8 37. h6 Kh7 38. Bf4 Ra7 39. Rxf5 a4 40. Bc1 a3 41. Bxa3 Nxa3 42. Rxd5 b5 43. Rd6 Rb7 44. Ra6 b4 0-1

[Event "Wch U14"]
[Site "Montesilvano"]
[Date "2023.11.23"]
[Round "10"]
[White "Cieslak, Patryk"]
[Black "Katsanis, Vasileios Dimitrios"]
[Result "1-0"]
[WhiteElo "2284"]
[BlackElo "2173"]
[PlyCount "69"]
[EventDate "2023.11.13"]
[EventType "swiss"]
[EventRounds "11"]
[EventCountry "ITA"]
[SourceTitle "CB48_2023"]
[SourceDate "2023.11.29"]
[SourceVersion "1"]
[SourceVersionDate "2023.11.29"]
[SourceQuality "1"]

1. e4 c6 2. d4 d5 3. e5 Bf5 4. Nf3 e6 5. Be2 Nd7 6. 0-0 Be7 7. a4 h5 8. a5 a6 9. c4 dxc4 10. Nbd2 Nh6 11. Nxc4 h4 12. Bd2 h3 13. g3 Bg4 14. Bc3 Nf5 15. Nfd2 Bxe2 16. Qxe2 b5 17. axb6 Nxb6 18. Nxb6 Qxb6 19. Qe4 0-0 20. Nf3 c5 21. dxc5 Qxc5 22. g4 Nh4 23. Nxh4 Bxh4 24. Bb4 Qb5 25. Bxf8 Rxf8 26. Ra3 Qxb2 27. Rxh3 g5 28. Rf3 Rd8 29. Rb1 Qd2 30. Rb7 Rd7 31. Rxd7 Qxd7 32. Qd3 Qc7 33. Qd6 Qa5 34. Qe7 Bxf2+ 35. Kg2 1-0

[Event "Titled Tuesday intern op 26th Sep Early"]
[Site "Chess.com INT"]
[Date "2023.09.26"]
[Round "3"]
[White "Cieslak, Patryk"]
[Black "Vokhidov, Shamsiddin"]
[Result "0-1"]
[WhiteElo "2299"]
[BlackElo "2578"]
[PlyCount "108"]
[EventDate "2023.09.26"]
[EventType "swiss (blitz)"]
[EventRounds "11"]
[EventCountry "USA"]
[SourceTitle "EXT 2024"]
[Source "ChessBase"]
[SourceDate "2023.10.10"]
[SourceVersion "1"]
[SourceVersionDate "2023.10.10"]
[SourceQuality "1"]

1. d4 Nf6 2. c4 e6 3. Nf3 d5 4. g3 Be7 5. Bg2 0-0 6. 0-0 dxc4 7. Qc2 a6 8. a4 Nc6 9. Rd1 Nb4 10. Qxc4 b5 11. Qb3 Bb7 12. Nc3 bxa4 13. Rxa4 a5 14. Bg5 h6 15. Bxf6 Bxf6 16. e4 c5 17. dxc5 Qc7 18. Raa1 Qxc5 19. Rac1 Qb6 20. Na4 Qb5 21. e5 Bd8 22. Rc5 Qa6 23. Nd4 Bxg2 24. Kxg2 Rb8 25. Qf3 Be7 26. Rc7 Nd5 27. Rc6 Qb7 28. Rc2 Rfc8 29. Rxc8+ Rxc8 30. b3 Qb4 31. Kg1 Bc5 32. Nc2 Bxf2+ 33. Qxf2 Qxb3 34. Nc5 Qb6 35. Nd4 Qxc5 36. Rf1 Rc7 37. Kg2 Rb7 38. Kh3 Nc3 39. Qf3 Rc7 40. Ne2 Qxe5 41. Nf4 Ne4 42. g4 Ng5+ 43. Kg3 Nxf3 44. Kxf3 Rc4 45. Ng2 Rc3+ 46. Kf2 Rc2+ 47. Kf3 Qd5+ 48. Ke3 Rxg2 49. Rxf7 Kxf7 50. g5 Qd2+ 51. Ke4 Re2+ 52. Kf3 Re3+ 53. Kg4 Qg2+ 54. Kf4 Qf3# 0-1

[Event "Titled Tuesday intern op 26th Sep Early"]
[Site "Chess.com INT"]
[Date "2023.09.26"]
[Round "1"]
[White "Sliwicki, Damian"]
[Black "Cieslak, Patryk"]
[Result "0-1"]
[WhiteElo "2091"]
[BlackElo "2299"]
[PlyCount "58"]
[EventDate "2023.09.26"]
[EventType "swiss (blitz)"]
[EventRounds "11"]
[EventCountry "USA"]
[SourceTitle "EXT 2024"]
[Source "ChessBase"]
[SourceDate "2023.10.10"]
[SourceVersion "1"]
[SourceVersionDate "2023.10.10"]
[SourceQuality "1"]

1. e4 e6 2. Nc3 c5 3. Nf3 Nc6 4. d4 cxd4 5. Nxd4 Nf6 6. g3 Bb4 7. Bg2 Qa5 8. 0-0 Bxc3 9. bxc3 Qxc3 10. Nb5 Qxa1 11. Qd6 Qe5 12. Nc7+ Kd8 13. Qxe5 Nxe5 14. Nxa8 b6 15. Bf4 Ng6 16. Bd6 Ne8 17. e5 Ba6 18. Rb1 Kc8 19. Rb3 Nxd6 20. exd6 Bb7 21. Nc7 Bxg2 22. Kxg2 Ne5 23. Rc3 Kb7 24. Nb5 Nc6 25. a4 a6 26. Nc7 Rc8 27. Rf3 f6 28. Rb3 Na5 29. Rb2 Nc4 0-1